[Event "4NCL Division 4 South"]
[Site "Reading, ENG"]
[Date "2018.05.07"]
[Round "11.99"]
[White "Cook, Brian"]
[Black "Buanne, Luca"]
[Result "1-0"]
[WhiteElo "1840"]
[BlackElo "1422"]
[PlyCount "103"]
[EventDate "2018.05.07"]

1. f4 Nf6 2. Nf3 g6 3. b4 Bg7 4. Bb2 d5 5. e3 O-O 6. Be2 b6 7. O-O c5 8. b5 a6
9. a4 axb5 10. axb5 Rxa1 11. Bxa1 Nbd7 12. Qe1 Bb7 13. Ne5 h6 14. Nc6 Bxc6 15.
bxc6 Nb8 16. Bb5 Qc7 17. Be5 Qc8 18. c7 Nbd7 19. Nc3 e6 20. Bd6 Re8 21. Qh4 Kh7
22. Bc6 Bf8 23. Nb5 Qa6 24. Bxf8 Rxf8 25. Nd6 b5 26. Bxd7 Qxd6 27. c8=Q Rxc8
28. Bxc8 Ne4 29. d3 Nc3 30. Qf6 Qc7 31. Bxe6 Ne2+ 32. Kf2 fxe6 33. Kxe2 Qd7 34.
Ra1 c4 35. Qd4 e5 36. Ra7 exd4 37. Rxd7+ Kg8 38. exd4 cxd3+ 39. Kxd3 b4 40.
Rxd5 g5 41. fxg5 b3 42. cxb3 hxg5 43. Rxg5+ Kf7 44. h4 Kf6 45. b4 Ke7 46. b5
Kd6 47. h5 Ke7 48. h6 Kf6 49. Rg3 Kf7 50. h7 Ke6 51. h8=Q Kd5 52. Qe5# 1-0

[Event "4NCL Division 4 South"]
[Site "Reading, ENG"]
[Date "2018.05.07"]
[Round "11.99"]
[White "Dias, Savin"]
[Black "Patel, Rishi"]
[Result "0-1"]
[WhiteElo "1738"]
[BlackElo "1735"]
[PlyCount "152"]
[EventDate "2018.05.07"]

1. e4 e5 2. Nf3 Nc6 3. Bc4 Bc5 4. c3 Nf6 5. d3 h6 6. O-O O-O 7. Nbd2 d6 8. h3
Be6 9. Bb3 Qd7 10. Re1 Rac8 11. Nf1 Bb6 12. Be3 d5 13. Bxb6 axb6 14. Bc2 d4 15.
Ng3 Qe7 16. Bb3 Nd7 17. Bxe6 fxe6 18. c4 Nc5 19. a3 Rf7 20. b4 Nd7 21. Re2 Rcf8
22. Nd2 Qh4 23. Ndf1 Ne7 24. f3 Ng6 25. Rd2 Qg5 26. Kh2 Nh4 27. Rf2 Qf4 28. Qc1
Ng6 29. Qxf4 Nxf4 30. Rd2 c6 31. Ne2 Nxe2 32. Rxe2 b5 33. c5 b6 34. cxb6 Nxb6
35. Rc2 Rc8 36. Rac1 Rfc7 37. Nd2 Na4 38. Nb1 c5 39. Nd2 Kf7 40. bxc5 Rxc5 41.
Rxc5 Rxc5 42. Nb3 Rc3 43. Rxc3 dxc3 44. Kg3 c2 45. Kf2 Nc3 46. Ke1 Nb1 47. Nc1
Nxa3 48. Kd2 b4 49. Nb3 Ke7 50. Na1 Kd6 51. Nxc2 Nxc2 52. Kxc2 Kc5 53. Kb3 Kb5
54. f4 exf4 55. d4 g5 56. d5 exd5 57. exd5 Kc5 58. d6 Kxd6 59. Kxb4 Kd5 60. Kc3
Ke4 61. Kd2 f3 62. Ke1 Ke3 63. Kf1 h5 64. g3 g4 65. hxg4 hxg4 66. Ke1 Kd3 67.
Kf2 Kd4 68. Kf1 Ke3 69. Ke1 f2+ 70. Kf1 Kd2 71. Kxf2 Kd3 72. Kg2 Ke3 73. Kh1
Kf3 74. Kg1 Kxg3 75. Kh1 Kf2 76. Kh2 g3+ 0-1

[Event "4NCL Division 4 South"]
[Site "Reading, ENG"]
[Date "2018.05.07"]
[Round "11.99"]
[White "Dhemrait, Surjit S"]
[Black "Metcalfe, Charlie P"]
[Result "0-1"]
[WhiteElo "1556"]
[BlackElo "1705"]
[PlyCount "161"]
[EventDate "2018.05.07"]

1. e4 e6 2. Nc3 d5 3. d4 dxe4 4. Nxe4 Nd7 5. Nf3 Ngf6 6. Bg5 h6 7. Nxf6+ Nxf6
8. Bxf6 Qxf6 9. Ne5 Bd6 10. Nf3 O-O 11. c3 b6 12. Be2 Bb7 13. O-O Rfd8 14. Qb3
Qf4 15. g3 Qg4 16. c4 c5 17. Rad1 Qe4 18. Qd3 Qxd3 19. Rxd3 cxd4 20. Rxd4 Bc5
21. Rdd1 Kf8 22. a3 a5 23. Ne5 Bd4 24. Nd3 a4 25. Rd2 Rac8 26. Rfd1 Ke7 27. Nb4
e5 28. Kf1 g5 29. Na2 f5 30. Nc1 Ba6 31. b3 axb3 32. Nxb3 Bxc4 33. Nxd4 exd4
34. Rxd4 Bxe2+ 35. Kxe2 Rxd4 36. Rxd4 Ke6 37. Rb4 Rc6 38. Rb5 h5 39. a4 Kf6 40.
a5 bxa5 41. Rxa5 h4 42. gxh4 gxh4 43. Ra4 Kg5 44. Kf3 Rc3+ 45. Ke2 Rh3 46. Ra8
Rxh2 47. Ke3 Kf6 48. Rf8+ Kg6 49. Rg8+ Kf7 50. Rg5 Kf6 51. Rg8 Kf7 52. Rg5 Kf6
53. Rh5 Ke6 54. Rh6+ Kd5 55. Rh5 Ke5 56. f4+ Ke6 57. Rh6+ Kd5 58. Rh5 Rh3+ 59.
Kf2 Ke4 60. Kg2 Rg3+ 61. Kh2 Rg4 62. Rg5 Kxf4 63. Rh5 Ke4 64. Rh8 Kf3 65. Kh3
Rg1 66. Kh2 Rg4 67. Kh3 Re4 68. Rf8 Rf4 69. Rc8 Ke3 70. Re8+ Re4 71. Rf8 f4 72.
Kxh4 Kf2 73. Kh3 f3 74. Rf7 Re3 75. Kh2 Re5 76. Kh3 Re4 77. Rf8 Re7 78. Kg4
Rg7+ 79. Kh3 Ke2 80. Re8+ Kf1 81. Rf8 0-1

[Event "4NCL Division 4 South"]
[Site "Reading, ENG"]
[Date "2018.05.07"]
[Round "11.99"]
[White "Roy, Anika Rachna"]
[Black "Smithies, Olivia"]
[Result "1/2-1/2"]
[WhiteElo "1239"]
[BlackElo "1450"]
[PlyCount "47"]
[EventDate "2018.05.07"]

1. d4 d5 2. c4 c6 3. Nc3 Nf6 4. Nf3 Bg4 5. cxd5 cxd5 6. Qb3 Qb6 7. Nxd5 Qxb3 8.
Nxf6+ exf6 9. axb3 Bb4+ 10. Bd2 Bxd2+ 11. Nxd2 Nc6 12. e3 O-O 13. Bd3 Rac8 14.
O-O b6 15. Nc4 Rfd8 16. Be4 Rd7 17. d5 Ne5 18. f3 f5 19. Bc2 Nxc4 20. fxg4 Nxe3
21. Bxf5 Nxf5 22. gxf5 Rxd5 23. Rxa7 Rb5 24. Rf3 1/2-1/2

[Event "4NCL Division 4 South"]
[Site "Reading, ENG"]
[Date "2018.05.07"]
[Round "11.99"]
[White "Lim, Mark"]
[Black "Gorgun, Aliriza Atif"]
[Result "0-1"]
[WhiteElo "1820"]
[BlackElo "2005"]
[PlyCount "46"]
[EventDate "2018.05.07"]

1. d4 Nf6 2. Nf3 g6 3. e3 Bg7 4. Be2 O-O 5. O-O d6 6. c4 Nc6 7. d5 Ne5 8. Nc3
Nxf3+ 9. Bxf3 e5 10. e4 Nd7 11. b4 f5 12. Ba3 Rf7 13. c5 f4 14. Bg4 Nf6 15.
Bxc8 Rxc8 16. f3 g5 17. Nb5 Bf8 18. cxd6 cxd6 19. Nxa7 Qb6+ 20. Kh1 Qxa7 21.
Bb2 Rfc7 22. Qb3 Qe3 23. Qa4 Rc2 0-1

[Event "4NCL Division 4 South"]
[Site "Reading, ENG"]
[Date "2018.05.07"]
[Round "11.99"]
[White "Bourne, Johnathan D"]
[Black "Breed, Greg J"]
[Result "1/2-1/2"]
[WhiteElo "1934"]
[BlackElo "1755"]
[PlyCount "39"]
[EventDate "2018.05.07"]

1. e4 c5 2. Nc3 e6 3. Nge2 d5 4. exd5 exd5 5. d4 Nc6 6. Be3 cxd4 7. Nxd4 Bb4 8.
Bb5 Nge7 9. O-O Bxc3 10. bxc3 O-O 11. Re1 Qa5 12. c4 Nxd4 13. Qxd4 a6 14. Bd2
Qa3 15. Bc1 Qd6 16. Bf4 Qd8 17. Ba4 dxc4 18. Qxc4 b5 19. Qe4 Be6 20. Bb3
1/2-1/2

[Event "4NCL Division 4 South"]
[Site "Reading, ENG"]
[Date "2018.05.07"]
[Round "11.99"]
[White "Nettleton, Robin"]
[Black "O'Byrne, Daniel"]
[Result "1/2-1/2"]
[WhiteElo "1525"]
[BlackElo "1682"]
[PlyCount "55"]
[EventDate "2018.05.07"]

1. d4 f5 2. Bf4 Nf6 3. e3 d6 4. c3 e6 5. Nd2 Nc6 6. Qc2 a6 7. Bd3 h6 8. h3 Be7
9. Ngf3 d5 10. Ne5 Nxe5 11. Bxe5 Bd7 12. Nf3 O-O 13. Bf4 Bd6 14. Bxd6 cxd6 15.
O-O-O b5 16. Qe2 Qa5 17. b4 Qb6 18. Qb2 a5 19. Kd2 axb4 20. cxb4 Ne4+ 21. Ke2
Rfc8 22. Rc1 Qa6 23. Rxc8+ Rxc8 24. Bxe4 fxe4 25. Nd2 Ra8 26. Ra1 Qa3 27. Qxa3
Rxa3 28. Nb3 1/2-1/2